| 000 | 01150cam a2200277 a 4500 | ||
|---|---|---|---|
| 001 | 16314514 | ||
| 005 | 20250318111656.0 | ||
| 008 | 100702s2011 enkk b 001 0 eng | ||
| 010 | _a 2010028106 | ||
| 020 | _a9780415601405 (hbk. : alk. paper) | ||
| 020 | _a9780203834039 (ebk.) | ||
| 040 |
_aDLC _cDLC _dDLC |
||
| 042 | _apcc | ||
| 050 | 0 | 0 |
_aK1168 _b.M374 2011 |
| 082 | 0 | 0 |
_a343.096 _bMAR |
| 100 | 1 |
_aMartÃnez Gutiérrez, Norman A. _9128428 |
|
| 245 | 1 | 0 |
_aLimitation of liability in international maritime conventions : _bthe relationship between global limitation conventions and particular liability regimes / _cNorman A. Martinez Gutierrez. |
| 260 |
_aLondon ; _aNew York : _bRoutledge, _c2011. |
||
| 300 |
_alxxix, 412 p. : _bforms ; _c24 cm. |
||
| 504 | _aIncludes bibliographical references (p. [401]-408) and index. | ||
| 650 | 0 |
_aMaritime law. _9128429 |
|
| 650 | 0 | _aLiability (Law) | |
| 906 |
_a7 _bcbc _corignew _d1 _eecip _f20 _gy-gencatlg |
||
| 942 |
_2ddc _cBK |
||
| 999 |
_c613394 _d613394 |
||